MARC보기
LDR00000nam c2200205 c 4500
001000000290393
00520220224141242
007ta
008220214s2016 ggk 000af kor
020 ▼a 9788954640169 ▼g 03810 : ▼c \13000
040 ▼a 248032 ▼c 248032 ▼d 248032
0490 ▼l EM105993
056 ▼a 813.6 ▼2 4
090 ▼a 813.6 ▼b 김64내
24500 ▼a 나는 유령작가입니다 : ▼b 김연수 소설 / ▼d 김연수 지음
250 ▼a 1판
260 ▼a 파주 : ▼b 문학동네, ▼c 2016
300 ▼a 310 p. ; ▼c 20 cm
49010 ▼a 문학동네 소설
653 ▼a 유령작가 ▼a 소설집 ▼a 한국현대소설 ▼a 한국문학
7001 ▼a 김연수, ▼e 저
9500 ▼b \13000
990 ▼a 관리자2 ▼b 관리자2